Geografías interdisciplinarias : memorias del II Congreso Nacional de Geografía del Ecuador, Cuenca, Ecuador, 2020.

Detalles Bibliográficos
Autor Corporativo: Congreso Nacional de Geografía del Ecuador Cuenca, Ecuador
Formato: Electrónico Procedimiento de la Conferencia eBook
Lenguaje:español
Publicado: Cuenca, Ecuador : Universidad del Azuay, Casa Editora, [2021]
Materias:
Acceso en línea:Digitalia Hispánica

MARC

LEADER 00000nam a2200000 i 4500
001 DIGUAZUAY0127
003 NyNyDIG
007 cr |||||||||||
008 251215s2021 ec ab ob 100 0 spa d
006 m o d
035 |a (OCoLC)1564457447 
040 |a DGITA  |b eng  |e rda  |e pn  |c DGITA 
020 |a 9789942847225  |q eBook 
020 |z 9789942847348 
043 |a s-ec--- 
050 1 4 |a G56 ebook 
111 2 |a Congreso Nacional de Geografía del Ecuador  |n (2nd :  |d 2020 :  |c Cuenca, Ecuador),  |j author. 
245 1 0 |a Geografías interdisciplinarias :  |b memorias del II Congreso Nacional de Geografía del Ecuador, Cuenca, Ecuador, 2020. 
264 1 |a Cuenca, Ecuador :  |b Universidad del Azuay, Casa Editora,  |c [2021] 
300 |a 1 online resource :  |b illustrations (chiefly color), maps (chiefly color). 
336 |a text  |b txt  |2 rdacontent 
337 |a computer  |b c  |2 rdamedia 
338 |a online resource  |b cr  |2 rdacarrier 
347 |a text file  |2 rdaft 
347 |b PDF 
504 |a Includes bibliographical references. 
588 0 |a Online resource; title from PDF title page (Digitalia, viewed December 15, 2025) 
650 0 |a Geography  |z Ecuador  |v Congresses. 
791 2 |a Digitalia (Firm),  |e distributor. 
793 0 |g Digitalia eBook Collection:  |a Universidad del Azuay 
776 0 8 |i Print version:  |a Congreso Nacional de Geografía del Ecuador (2nd : 2020 : Cuenca, Ecuador).  |t Geografías interdisciplinarias.  |d Cuenca, Ecuador : Universidad del Azuay, Casa Editora, [2021]  |z 9789942847348 
856 4 0 |3 Digitalia Hispánica  |u https://www.digitaliapublishing.com/a/133511/ 
910 |a Premium collection: 2025